Will it be a US endgame at Copenhagen? (Record no. 72437)

MARC details
000 -LEADER
fixed length control field 00284nam a2200109Ia 4500
100 ## - MAIN ENTRY--AUTHOR NAME
Personal name Jayaraman T
245 #0 - TITLE STATEMENT
Title Will it be a US endgame at Copenhagen?
260 ## - PUBLICATION, DISTRIBUTION, ETC. (IMPRINT)
Name of publisher Economic and Political Weekly
Year of publication 2009
300 ## - PHYSICAL DESCRIPTION
Number of Pages 13-15
942 ## - ADDED ENTRY ELEMENTS (KOHA)
Koha item type Journals
Holdings
Withdrawn status Lost status Damaged status Not for loan Home library Current library Date acquired Serial Enumeration / chronology Koha item type
      Journals RRII Library RRII Library 01/01/2010 Volume XLIV, Issue 50 Journals